[Event "WJCC 2001"]
[Site "?"]
[Date "2001.??.??"]
[Round "7"]
[White "Buckley, M."]
[Black "Moncayo Romero, E."]
[Result "0-1"]
[WhiteElo "2118"]
[BlackElo "2220"]
[Annotator "G 7.16"]
[PlyCount "74"]
[EventDate "2001.??.??"]

1. e4 c5 2. Nc3 Nc6 3. g3 g6 4. Bg2 Bg7 5. d3 Rb8 6. Be3 d6 7. Qd2 b5 8. Nge2
Nd4 9. O-O h5 10. h4 Qa5 11. Nc1 Nf6 12. Nb3 Qb6 13. f3 Be6 14. Qf2 Nd7 15. Nc1
b4 16. Nd1 O-O 17. c3 bxc3 18. bxc3 Nc6 19. f4 Bg4 20. Bf3 Bxf3 21. Qxf3 Qa5
22. Ne2 Qa6 23. Bc1 Nb4 24. cxb4 Bxa1 25. Nf2 cxb4 26. g4 Nf6 27. f5 Qxa2 28.
Bh6 Rfc8 29. Nf4 Nxg4 30. Nxg4 hxg4 31. Qxg4 Bd4+ 32. Kh1 Rc2 33. Qg3 Rf2 34.
Rc1 Qd2 35. Nxg6 Qxh6 36. Nxe7+ Kh7 37. Rg1 Rf4 {Time.} 0-1

[Event "WJCC 2001"]
[Site "?"]
[Date "2001.??.??"]
[Round "7"]
[White "Papadopoulou, V."]
[Black "Topel, Z."]
[Result "1-0"]
[WhiteElo "2193"]
[BlackElo "2000"]
[Annotator "G 7.20"]
[PlyCount "69"]
[EventDate "2001.??.??"]

1. d4 f5 2. Nf3 Nf6 3. Bg5 e6 4. Nbd2 Be7 5. Bxf6 Bxf6 6. e4 O-O 7. Bd3 d6 8.
c3 g6 9. Qc2 Bg7 10. O-O-O b6 11. h4 c5 12. exf5 exf5 13. dxc5 dxc5 14. Bc4+
Kh8 15. Ne4 Qc7 16. Nd6 Ba6 17. Be6 Nc6 18. h5 Nd4 19. Nxd4 Qxd6 20. hxg6 h6
21. Qd2 f4 22. Rxh6+ Bxh6 23. g7+ Kh7 24. Qc2+ Kxg7 25. Nf5+ Rxf5 26. Rxd6 f3+
27. Kb1 fxg2 28. Rd7+ Kh8 29. Rh7+ Kxh7 30. Qxf5+ Kh8 31. Qf6+ Kh7 32. Qf7+ Kh8
33. Qf6+ Kh7 34. Bf5+ Kg8 35. Qe6+ 1-0

[Event "WJCC 2001"]
[Site "?"]
[Date "2001.??.??"]
[Round "8"]
[White "Khamzin, O."]
[Black "Kristjansson, S."]
[Result "0-1"]
[WhiteElo "2223"]
[BlackElo "2380"]
[Annotator "B 8.19"]
[PlyCount "63"]
[EventDate "2001.??.??"]

1. d4 e6 2. c4 Nf6 3. Nc3 Bb4 4. e3 b6 5. Nge2 Bb7 6. a3 Be7 7. d5 d6 8. g3 b5
9. Qb3 Nbd7 10. Nd4 O-O 11. Qxb5 Rb8 12. Nc6 Bxc6 13. Qxc6 Nc5 14. dxe6 Rb6 15.
exf7+ Rxf7 16. Qg2 Nb3 17. Rb1 d5 18. cxd5 Nxc1 19. Rxc1 Rxb2 20. Bc4 Bd6 21.
O-O Qe8 22. h3 Re7 23. Qf3 Rf7 24. Rb1 Rc2 25. Rfc1 Rd2 26. Qf5 Re7 27. Nb5 Ne4
28. Nxc7 Rxc7 29. Bb5 Qf7 30. Qxf7+ Kxf7 31. Rxc7+ Bxc7 32. Rc1 0-1

[Event "WJCC 2001"]
[Site "?"]
[Date "2001.??.??"]
[Round "8"]
[White "Gomez"]
[Black "Vajda, L."]
[Result "1/2-1/2"]
[WhiteElo "2000"]
[BlackElo "2507"]
[Annotator "B 8.20"]
[PlyCount "134"]
[EventDate "2001.??.??"]

1. e4 d6 2. d4 Nf6 3. Nc3 g6 4. f4 Bg7 5. Nf3 O-O 6. Bd3 c5 7. dxc5 dxc5 8. O-O
Nc6 9. e5 Ng4 10. Be4 Nd4 11. Nxd4 cxd4 12. Ne2 f6 13. Qxd4 fxe5 14. Qxd8 Rxd8
15. c3 Nf6 16. Bc2 e4 17. h3 Be6 18. Ng3 Bc4 19. Re1 Bd3 20. Bb3+ Kh8 21. f5 a5
22. a4 Ra6 23. fxg6 hxg6 24. Be3 Kh7 25. Bc5 Rc8 26. Bd4 e5 27. Bxe5 Rb6 28.
Ba2 Re8 29. Bd4 Rxb2 30. Bb1 Bxb1 31. Raxb1 Rxb1 32. Rxb1 Re7 33. Rb5 e3 34.
Kf1 b6 35. Bxb6 Bh6 36. Rxa5 Nh5 37. Ne2 Rf7+ 38. Ke1 Rf2 39. Re5 Rxg2 40. Bxe3
Rh2 41. Bxh6 Kxh6 42. Re3 g5 43. a5 Nf4 44. Nxf4 gxf4 45. Re5 Rxh3 46. c4 Kg6
47. c5 Kf6 48. Rd5 Ke6 49. Rd6+ Ke7 50. a6 Ra3 51. Kf2 Ra5 52. Rh6 Kd7 53. Kf3
Kc7 54. Rh7+ Kc6 55. Rh6+ Kc7 56. a7 Rxa7 57. Rh7+ Kb8 58. Rh8+ Kc7 59. Rh7+
Kb8 60. Rxa7 Kxa7 61. Kxf4 Kb7 62. Ke5 Kc6 63. Kd4 Kc7 64. Kd5 Kd7 65. c6+ Kc8
66. Kd6 Kd8 67. Kc5 Kc7 1/2-1/2

[Event "WJCC 2001"]
[Site "?"]
[Date "2001.??.??"]
[Round "8"]
[White "Dzagnidze, N."]
[Black "Charkhalashvili, I."]
[Result "1/2-1/2"]
[WhiteElo "2321"]
[BlackElo "2278"]
[Annotator "G 8.5"]
[PlyCount "59"]
[EventDate "2001.??.??"]

1. d4 Nf6 2. Nf3 c5 3. e3 cxd4 4. exd4 d5 5. Bd3 Bg4 6. O-O Nc6 7. c3 e6 8. Qb3
a6 9. Ne5 Qc7 10. Qa4 Bd6 11. h3 Bh5 12. Nxc6 bxc6 13. c4 O-O 14. Nc3 dxc4 15.
Qxc4 Rfd8 16. Bg5 Rab8 17. Ne4 Nxe4 18. Bxe4 Rxb2 19. Qxc6 Qxc6 20. Bxc6 Rc8
21. Rfc1 h6 22. Be3 Bg6 23. g3 Re2 24. Bf3 Rxc1+ 25. Bxc1 Re1+ 26. Kg2 Ba3 27.
Bb2 Rxa1 28. Bxa1 Bb1 29. Be2 Bxa2 30. Bxa6 1/2-1/2

[Event "WJCC 2001"]
[Site "?"]
[Date "2001.??.??"]
[Round "8"]
[White "Khukhashvili, S."]
[Black "Reizniece, D."]
[Result "1/2-1/2"]
[WhiteElo "2295"]
[BlackElo "2312"]
[Annotator "G 8.6"]
[PlyCount "108"]
[EventDate "2001.??.??"]

1. e4 d6 2. d4 Nf6 3. Nc3 g6 4. g3 Bg7 5. Bg2 O-O 6. Nge2 c6 7. a4 a5 8. h3 e5
9. O-O Na6 10. Bg5 Nb4 11. Qd2 Re8 12. Rad1 Qc7 13. Rfe1 Be6 14. g4 Bc4 15. Be3
d5 16. Ng3 Nxe4 17. Ncxe4 dxe4 18. b3 Bd5 19. c4 Be6 20. Nxe4 Rad8 21. Qc1 f5
22. Nc5 Bf7 23. dxe5 Bxe5 24. Bg5 Rxd1 25. Rxd1 b6 26. Nd7 fxg4 27. hxg4 Be6
28. Nxe5 Qxe5 29. Re1 Qd6 30. Qc3 Rf8 31. Bh6 Rf7 32. Qe3 Re7 33. Qxb6 Bxg4 34.
Rxe7 Qxe7 35. Qb8+ Kf7 36. Qh8 Ke6 37. Qd4 Bf5 38. Bd2 c5 39. Qf4 Qd6 40. Qh6
Qd4 41. Be3 Qd1+ 42. Kh2 Qxb3 43. Qxh7 Qxa4 44. Qg8+ Kf6 45. Qd8+ Ke6 46. Bg5
Kf7 47. Qf6+ Kg8 48. Qd8+ Kf7 49. Qe7+ Kg8 50. Qxc5 Qd1 51. Bf4 Qh5+ 52. Kg1
Qd1+ 53. Kh2 Qh5+ 54. Kg1 Qd1+ 1/2-1/2

[Event "WJCC 2001"]
[Site "?"]
[Date "2001.??.??"]
[Round "8"]
[White "Moncayo Romero, E."]
[Black "Jackova, J."]
[Result "0-1"]
[WhiteElo "2350"]
[BlackElo "2220"]
[Annotator "G 8.10"]
[PlyCount "40"]
[EventDate "2001.??.??"]

1. e4 e5 2. Nf3 Nc6 3. d4 exd4 4. Nxd4 Bc5 5. Nxc6 Qf6 6. Qd2 dxc6 7. Nc3 Bd7
8. Qf4 O-O-O 9. Qxf6 gxf6 10. Na4 Bb4+ 11. c3 Bd6 12. Be3 Re8 13. O-O-O Rxe4
14. Nc5 Rxe3 15. fxe3 Bxc5 16. Re1 Nh6 17. Bd3 Ng4 18. Rhf1 Bxe3+ 19. Kc2 Bf2
20. Re4 Ne3+ 0-1

[Event "WJCC 2001"]
[Site "?"]
[Date "2001.??.??"]
[Round "8"]
[White "Khamrakulova, I."]
[Black "Ubiennykh, E."]
[Result "1-0"]
[WhiteElo "2217"]
[BlackElo "2288"]
[Annotator "G 8.12"]
[PlyCount "159"]
[EventDate "2001.??.??"]

1. e4 e5 2. Nf3 Nc6 3. d4 exd4 4. Nxd4 Nf6 5. Nxc6 bxc6 6. e5 Qe7 7. Qe2 Nd5 8.
c4 Nb6 9. Nd2 Bb7 10. b3 O-O-O 11. Bb2 g5 12. O-O-O Bg7 13. h4 h6 14. g3 c5 15.
Rh2 Rde8 16. f4 d6 17. Re1 Kb8 18. Bg2 Bxg2 19. Qxg2 gxf4 20. gxf4 Rhg8 21. Qe4
dxe5 22. fxe5 Qe6 23. Rhe2 Bh8 24. Nf3 Rg4 25. Qd3 Kc8 26. Re3 Bg7 27. Kb1 Rd8
28. Qc2 Bf8 29. Re4 Rg3 30. Rf4 Be7 31. Qf5 Rf8 32. Rf1 Kd7 33. Bc1 a5 34. Rd1+
Kc8 35. a4 Rh3 36. Rf1 Kd7 37. Bd2 Rb8 38. Ka2 Rg3 39. Bxa5 Rg2+ 40. Ka3 Ke8
41. Ne1 Rg3 42. R1f3 Qxf5 43. Rxf5 Bxh4 44. Rxf7 Rxf3 45. Rxf3 Bg5 46. Nd3 Be7
47. Nf4 Kd7 48. Rd3+ Kc6 49. Ng6 Bg5 50. Bd2 Rg8 51. Bxg5 Rxg6 52. Bf6 Nd7 53.
Rf3 h5 54. Rf5 Rh6 55. Bg5 Re6 56. Bf4 h4 57. Rh5 Nf8 58. Bh2 Nd7 59. a5 Kb7
60. Rxh4 Ra6 61. b4 cxb4+ 62. Kxb4 Re6 63. Rh5 Ka6 64. c5 c6 65. Bf4 Re8 66.
Rh6 Nxe5 67. Bxe5 Rxe5 68. Rxc6+ Kb7 69. Rb6+ Ka7 70. Kb5 Rh5 71. Rg6 Rh7 72.
a6 Rf7 73. Rg5 Re7 74. Rd5 Rg7 75. c6 Rg1 76. c7 Rg8 77. Rd8 Rxd8 78. cxd8=N
Kb8 79. Kb6 Ka8 80. Ne6 1-0

[Event "WJCC 2001"]
[Site "?"]
[Date "2001.??.??"]
[Round "8"]
[White "Sanchez Castillo, S."]
[Black "Meenakshi, S."]
[Result "0-1"]
[WhiteElo "2108"]
[BlackElo "2245"]
[Annotator "G 8.13"]
[PlyCount "78"]
[EventDate "2001.??.??"]

1. e4 e5 2. d4 d6 3. Nf3 exd4 4. Nxd4 g6 5. Bc4 Bg7 6. O-O Nc6 7. Nxc6 bxc6 8.
Nc3 Ne7 9. Qf3 O-O 10. Bg5 Be6 11. Bb3 Qd7 12. Bf6 Rab8 13. h3 Nc8 14. Rfe1
Bxf6 15. Qxf6 Qe7 16. e5 Qxf6 17. exf6 Re8 18. Re2 Nb6 19. Rae1 d5 20. g4 h6
21. f4 Kf8 22. Kh2 Nd7 23. g5 hxg5 24. fxg5 Nc5 25. Na4 Ne4 26. Rxe4 dxe4 27.
Bxe6 Rxe6 28. Nc5 Rd6 29. Nb3 Re8 30. Re3 Rd5 31. h4 c5 32. c4 Rd3 33. Re2 Re5
34. Kg2 Ke8 35. Nd2 e3 36. Nf3 Re4 37. b3 a5 38. Kg3 Kd7 39. Kh3 Kd6 0-1

[Event "WJCC 2001"]
[Site "?"]
[Date "2001.??.??"]
[Round "8"]
[White "Sergeeva, M."]
[Black "Kaps, D."]
[Result "1-0"]
[WhiteElo "2327"]
[BlackElo "2221"]
[Annotator "G 8.14"]
[PlyCount "55"]
[EventDate "2001.??.??"]

1. e4 c5 2. Nf3 Nc6 3. d4 cxd4 4. Nxd4 Nf6 5. Nc3 e5 6. Ndb5 d6 7. Bg5 a6 8.
Na3 b5 9. Bxf6 gxf6 10. Nd5 f5 11. Bd3 Be6 12. O-O Bg7 13. c4 Bxd5 14. cxd5
fxe4 15. Bxb5 axb5 16. dxc6 d5 17. Nxb5 O-O 18. Qb3 d4 19. Rfe1 Qb6 20. c7 Rfc8
21. Qd5 e3 22. fxe3 dxe3 23. Rac1 Bh6 24. Qc6 Ra6 25. Qxb6 Rxb6 26. Na7 e2 27.
Nxc8 Be3+ 28. Kh1 1-0

[Event "WJCC 2001"]
[Site "?"]
[Date "2001.??.??"]
[Round "8"]
[White "Papadopoulou, V."]
[Black "Papp, J."]
[Result "1-0"]
[WhiteElo "2193"]
[BlackElo "2121"]
[Annotator "G 8.16"]
[PlyCount "63"]
[EventDate "2001.??.??"]

1. d4 Nf6 2. c4 g6 3. Nc3 Bg7 4. e4 d6 5. Be2 O-O 6. Bg5 c5 7. d5 b5 8. cxb5 a6
9. Qd2 axb5 10. Bxb5 Ba6 11. Bxa6 Nxa6 12. Nge2 c4 13. Be3 Ng4 14. Bd4 Bh6 15.
Qd1 Nb4 16. O-O Nd3 17. b3 e5 18. dxe6 Qh4 19. h3 Ngxf2 20. Rxf2 Nxf2 21. Bxf2
Qd8 22. exf7+ Rxf7 23. b4 Qe7 24. Qd5 Raf8 25. Bg3 Qa7+ 26. Kh2 Kh8 27. Bxd6
Re8 28. Qc5 Qa3 29. Be5+ Bg7 30. Bxg7+ Kxg7 31. Qd4+ Kg8 32. Qxc4 1-0

[Event "WJCC 2001"]
[Site "?"]
[Date "2001.??.??"]
[Round "8"]
[White "Zigangirova, S."]
[Black "Kisonova, K."]
[Result "1-0"]
[WhiteElo "2150"]
[BlackElo "2092"]
[Annotator "G 8.17"]
[PlyCount "51"]
[EventDate "2001.??.??"]

1. e4 c5 2. Nf3 e6 3. d4 cxd4 4. Nxd4 Nf6 5. Nc3 d6 6. Bc4 a6 7. Bb3 Qc7 8. Be3
Be7 9. Qe2 O-O 10. g4 Nc6 11. O-O-O Nxd4 12. Bxd4 e5 13. Be3 Bxg4 14. f3 Be6
15. Rhg1 Rfc8 16. Qg2 Bf8 17. f4 Bxb3 18. axb3 exf4 19. Bd4 f3 20. Qxf3 Nd7 21.
Bxg7 Bxg7 22. Qg3 Kf8 23. Qxg7+ Ke8 24. e5 dxe5 25. Qh8+ Nf8 26. Rg8 1-0

[Event "WJCC 2001"]
[Site "?"]
[Date "2001.??.??"]
[Round "8"]
[White "Sperdokli, E."]
[Black "Mitrovic, B."]
[Result "1-0"]
[WhiteElo "2141"]
[BlackElo "2000"]
[Annotator "G 8.20"]
[PlyCount "73"]
[EventDate "2001.??.??"]

1. e4 g6 2. d4 Bg7 3. Nf3 d6 4. Nc3 Nf6 5. Be3 O-O 6. Qd2 Nbd7 7. O-O-O c6 8.
Bh6 b5 9. Bxg7 Kxg7 10. e5 Ne8 11. h4 h5 12. Bd3 Nb6 13. Qg5 Be6 14. Ne2 Nd5
15. Ng3 Rh8 16. Rhe1 Nb4 17. a3 Nxd3+ 18. Rxd3 a5 19. Qe3 b4 20. Ng5 Bc4 21.
Rd2 Nc7 22. b3 Bd5 23. a4 Ne6 24. Nxe6+ Bxe6 25. f4 Qc8 26. Rf2 Bf5 27. Nxf5+
Qxf5 28. Rf3 Rac8 29. Rg3 c5 30. d5 dxe5 31. fxe5 Rhd8 32. Rg5 Qd7 33. e6 fxe6
34. Qd3 Qe8 35. Rxe6 Rd6 36. Rgxg6+ Qxg6 37. Qxg6+ 1-0

[Event "WJCC 2001"]
[Site "?"]
[Date "2001.??.??"]
[Round "8"]
[White "Hersvic, A."]
[Black "Buckley, M."]
[Result "0-1"]
[WhiteElo "2000"]
[BlackElo "2118"]
[Annotator "G 8.22"]
[PlyCount "60"]
[EventDate "2001.??.??"]

1. e4 e6 2. d3 d5 3. Nd2 Nf6 4. Ngf3 Nc6 5. c3 a5 6. e5 Nd7 7. d4 f6 8. exf6
Qxf6 9. Bb5 Bd6 10. O-O O-O 11. Nb1 e5 12. Bg5 Qg6 13. dxe5 Ndxe5 14. Nxe5 Nxe5
15. f4 Ng4 16. Qd4 Nxh2 17. Re1 c6 18. Bd3 Bf5 19. Bxf5 Rxf5 20. Qe3 Ng4 21.
Qe6+ Qxe6 22. Rxe6 Bc5+ 23. Kh1 Kf7 24. Re1 h6 25. Bh4 Rh5 26. g3 g5 27. fxg5
hxg5 28. Rf1+ Kg6 29. Nd2 gxh4 30. Nf3 hxg3+ 0-1

[Event "WJCC 2001"]
[Site "?"]
[Date "2001.??.??"]
[Round "8"]
[White "Manolaraki, Y."]
[Black "Zahira, El"]
[Result "1-0"]
[WhiteElo "2000"]
[BlackElo "2050"]
[Annotator "G 8.28"]
[PlyCount "107"]
[EventDate "2001.??.??"]

1. e4 c5 2. d4 cxd4 3. c3 dxc3 4. Nxc3 Nc6 5. Nf3 d6 6. Bc4 e6 7. O-O Be7 8.
Qe2 a6 9. a4 Qc7 10. Bf4 Nf6 11. Rac1 e5 12. Be3 O-O 13. Rfd1 Bg4 14. h3 Bd7
15. Nd5 Nxd5 16. exd5 Nb8 17. Bxa6 Qd8 18. Bb5 Na6 19. b3 f5 20. Bxd7 Qxd7 21.
Bg5 f4 22. Bxe7 Qxe7 23. Nd2 Qd7 24. Qf3 Rae8 25. Ne4 h6 26. Rc3 Rd8 27. Qg4
Qf7 28. Qe6 Rfe8 29. Qxf7+ Kxf7 30. Rc4 Rd7 31. b4 Nb8 32. Rdc1 Red8 33. b5 b6
34. Rc8 Ke7 35. f3 Ke8 36. Kf2 Ke7 37. Ke2 Ke8 38. R1c4 Ke7 39. Kd3 Ke8 40. Kc3
Ke7 41. Kb4 g6 42. Kb3 g5 43. Kb4 Rb7 44. Rxd8 Kxd8 45. Nxd6 Rc7 46. Rxc7 Kxc7
47. Nf7 Nd7 48. d6+ Kc8 49. a5 bxa5+ 50. Kxa5 h5 51. Nxg5 Nc5 52. Kb6 Nd7+ 53.
Kc6 Nb8+ 54. Kd5 1-0

[Event "WJCC 2001"]
[Site "?"]
[Date "2001.??.??"]
[Round "9"]
[White "Schenk, A."]
[Black "Gomez, J."]
[Result "1-0"]
[WhiteElo "2455"]
[BlackElo "2000"]
[Annotator "B 9.16"]
[PlyCount "103"]
[EventDate "2001.??.??"]

1. d4 Nf6 2. c4 e6 3. Nc3 Bb4 4. Nf3 b6 5. Qb3 c5 6. Bg5 h6 7. Bh4 Nc6 8. d5
Na5 9. Qc2 d6 10. e4 e5 11. Nd2 g5 12. Bg3 Nh5 13. a3 Bxc3 14. Qxc3 Qf6 15. h4
g4 16. Bd3 Bd7 17. Nf1 O-O 18. Ne3 Nb7 19. Qc2 Kh8 20. Bh2 Rg8 21. g3 a6 22.
Rf1 Qg6 23. O-O-O b5 24. f3 bxc4 25. Bxc4 Nf6 26. f4 Rge8 27. Bd3 Bb5 28. Nc4
Bxc4 29. Qxc4 Nd7 30. Bg1 Reb8 31. Qc3 Rc8 32. Bc2 c4 33. Kb1 Nbc5 34. fxe5
Nxe5 35. Rf5 Ncd3 36. h5 Qg7 37. Bd4 f6 38. Rdf1 Rab8 39. Rxf6 Rxb2+ 40. Ka1
Rxc2 41. Qxc2 Kh7 42. Bc3 Rb8 43. Rxd6 Rb3 44. Ka2 Qg5 45. Rxa6 Rxc3 46. Qxc3
Qe3 47. Rb1 Nf7 48. Rf6 Qa7 49. d6 Nde5 50. Rb5 Nc6 51. Qxc4 Ncd8 52. Qc7 1-0

[Event "WJCC 2001"]
[Site "?"]
[Date "2001.??.??"]
[Round "9"]
[White "Mkrtchian, L."]
[Black "Koneru, H."]
[Result "0-1"]
[WhiteElo "2376"]
[BlackElo "2387"]
[Annotator "G 9.1"]
[PlyCount "170"]
[EventDate "2001.??.??"]

1. e4 c6 2. d4 d5 3. Nd2 dxe4 4. Nxe4 Nd7 5. Nf3 Ngf6 6. Ned2 e6 7. g3 b6 8.
Bg2 Bb7 9. Nc4 Be7 10. Nfe5 b5 11. Nxd7 Nxd7 12. Ne3 Qb6 13. O-O O-O 14. c4
bxc4 15. Nxc4 Qa6 16. Qb3 Nb6 17. Ne5 c5 18. Be3 Bxg2 19. Kxg2 c4 20. Qc2 Qb7+
21. f3 Rfc8 22. Bd2 Rab8 23. Rfe1 Qd5 24. Bc3 a5 25. Re2 Bb4 26. Rae1 Rb7 27.
Ng4 Qd6 28. Ne3 Qc6 29. Rc1 Nd5 30. Nxd5 exd5 31. Rce1 g6 32. Rc1 a4 33. Qd2
Rcb8 34. Bxb4 Rxb4 35. Qc3 Qb6 36. Rcc2 Rb5 37. Qe3 Qf6 38. Rcd2 Qd6 39. Rc2
Ra8 40. Rc3 h5 41. h4 Rab8 42. Rcc2 Kg7 43. Kf2 R8b6 44. Kg2 Qf6 45. Qc3 Qf5
46. Rcd2 Qb1 47. Qa3 Rb4 48. Rc2 Qd1 49. Rcd2 Qa1 50. Rc2 Qb1 51. Rcd2 Qf5 52.
Qc3 Qf6 53. Qa3 Qd6 54. Rc2 R6b5 55. Qe3 Rb7 56. Kf2 Kh7 57. Kg2 R4b5 58. Kf2
Qd7 59. Kg2 Qf5 60. Rcd2 Qc8 61. Qa3 Rb4 62. Qc3 Qc6 63. Rc2 Qd6 64. Qe3 R4b5
65. Kf2 Kg7 66. Kg2 Kh7 67. Kf2 Ra7 68. Rc3 Qb6 69. Rcc2 a3 70. bxa3 Rb1 71.
Qc3 Rb7 72. Kg2 Qb5 73. Rb2 Qa4 74. Rbc2 Rd1 75. Rb2 Rd3 76. Qc2 Qxc2 77. Rexc2
Rxb2 78. Rxb2 c3 79. Rb1 Rd2+ 80. Kh3 Rxd4 81. Rc1 Rc4 82. Kg2 d4 83. Kf2 d3
84. Ke3 d2 85. Ra1 Rd4 0-1

[Event "WJCC 2001"]
[Site "?"]
[Date "2001.??.??"]
[Round "9"]
[White "Gu, X."]
[Black "Xu, Y."]
[Result "0-1"]
[WhiteElo "2300"]
[BlackElo "2431"]
[Annotator "G 9.2"]
[PlyCount "102"]
[EventDate "2001.??.??"]

1. e4 c6 2. d4 d5 3. Nc3 dxe4 4. Nxe4 Bf5 5. Ng3 Bg6 6. h4 h6 7. Nf3 Nf6 8. Ne5
Bh7 9. Bd3 Nbd7 10. Bxh7 Nxe5 11. dxe5 Qa5+ 12. Kf1 Nxh7 13. Qe2 O-O-O 14. e6
Qd5 15. exf7 e5 16. Be3 Kb8 17. f3 Nf6 18. Kf2 Qxf7 19. Rhd1 Be7 20. Nf5 Nd5
21. Nxe7 Qxe7 22. Qc4 Nxe3 23. Kxe3 Rd4 24. Rxd4 exd4+ 25. Kf2 Qxh4+ 26. Kg1
Rd8 27. Rd1 Qe7 28. Kf1 Qh4 29. Re1 Rd5 30. Re4 Qf6 31. Qb4 c5 32. Qc4 Re5 33.
Rxe5 Qxe5 34. a4 a6 35. b4 cxb4 36. Qxb4 h5 37. Qb6 g5 38. Qb4 Ka7 39. Qf8 g4
40. f4 Qc7 41. Qf5 g3 42. a5 d3 43. cxd3 Qc2 44. Ke1 Qf2+ 45. Kd1 Qf1+ 46. Kd2
Qxg2+ 47. Kc3 Qc6+ 48. Kd2 g2 49. Qg5 Qb5 50. f5 Qb2+ 51. Kd1 Qb1+ 0-1

[Event "WJCC 2001"]
[Site "?"]
[Date "2001.??.??"]
[Round "9"]
[White "Jackova, J."]
[Black "Zimina, O."]
[Result "0-1"]
[WhiteElo "2350"]
[BlackElo "2312"]
[Annotator "G 9.8"]
[PlyCount "58"]
[EventDate "2001.??.??"]

1. e4 c6 2. d4 d5 3. Nd2 dxe4 4. Nxe4 Bf5 5. Ng3 Bg6 6. Bc4 e6 7. N1e2 Nf6 8.
O-O Bd6 9. f4 Bf5 10. Nxf5 exf5 11. Ng3 g6 12. Re1+ Kf8 13. Qf3 Qc7 14. b3 Nbd7
15. Rf1 h5 16. Bd3 Re8 17. Bb2 Nd5 18. Bxf5 gxf5 19. Nxf5 Ne7 20. Ne3 Rh6 21.
c4 c5 22. d5 Nf6 23. Kh1 Qd7 24. Bxf6 Rxf6 25. Qxh5 Ng8 26. Ng4 Rxf4 27. Nh6
Ree4 28. g3 Re5 29. Qxf7+ Rxf7 0-1

[Event "WJCC 2001"]
[Site "?"]
[Date "2001.??.??"]
[Round "9"]
[White "Ubiennykh, E."]
[Black "Grzincic, T."]
[Result "1-0"]
[WhiteElo "2288"]
[BlackElo "2092"]
[Annotator "G 9.14"]
[PlyCount "55"]
[EventDate "2001.??.??"]

1. e4 c5 2. Nf3 d6 3. d4 cxd4 4. Nxd4 Nf6 5. Nc3 a6 6. Bc4 Qc7 7. Bb3 g6 8. Be3
Bg7 9. f3 b5 10. Qd2 h5 11. h3 Bb7 12. O-O-O Nbd7 13. g4 Nc5 14. g5 Nxb3+ 15.
axb3 Nd7 16. Rhe1 Rc8 17. Nd5 Bxd5 18. exd5 Nb8 19. f4 O-O 20. f5 Bxd4 21. Bxd4
b4 22. Qd3 Kh7 23. fxg6+ fxg6 24. Re6 Rf5 25. Rde1 Re8 26. Qxf5 gxf5 27. Rh6+
Kg8 28. Rh8+ 1-0

[Event "WJCC 2001"]
[Site "?"]
[Date "2001.??.??"]
[Round "9"]
[White "Buckley, M."]
[Black "Calotescu, C."]
[Result "0-1"]
[WhiteElo "2118"]
[BlackElo "2283"]
[Annotator "G 9.15"]
[PlyCount "82"]
[EventDate "2001.??.??"]

1. e4 c5 2. Nc3 Nc6 3. g3 g6 4. Bg2 Bg7 5. d3 d6 6. Be3 e5 7. Qd2 Nge7 8. f4
Nd4 9. Nf3 O-O 10. O-O exf4 11. Bxf4 Nxf3+ 12. Rxf3 Qb6 13. Rb1 Be6 14. Bh6
Rae8 15. Bxg7 Kxg7 16. Rf2 f6 17. a3 Qc7 18. b4 b6 19. Qf4 Qd7 20. Nd5 Bxd5 21.
exd5 f5 22. c4 Ng8 23. d4 cxb4 24. axb4 Nf6 25. Rff1 Re2 26. Rfe1 Nh5 27. Qf3
Re7 28. c5 Rfe8 29. Rxe7+ Qxe7 30. c6 Nf6 31. Qd3 Qf7 32. Qf3 Ne4 33. Qf4 Qxd5
34. Rd1 Qxc6 35. d5 Qc3 36. Rf1 Qd4+ 37. Kh1 Qxd5 38. g4 Qe5 39. Qc1 fxg4 40.
Qc7+ Re7 41. Qb8 Nf6 0-1

[Event "WJCC 2001"]
[Site "?"]
[Date "2001.??.??"]
[Round "9"]
[White "Hryhorenko, N."]
[Black "Sperdokli, E."]
[Result "1-0"]
[WhiteElo "2236"]
[BlackElo "2141"]
[Annotator "G 9.16"]
[PlyCount "97"]
[EventDate "2001.??.??"]

1. d4 Nf6 2. Nf3 e6 3. Bf4 b6 4. e3 Nh5 5. Bg3 Be7 6. Bd3 Bb7 7. Nbd2 c5 8. c3
d6 9. Qe2 f5 10. O-O O-O 11. Ne1 g6 12. Nef3 Nd7 13. Rfd1 h6 14. Nf1 Qe8 15. h3
Ndf6 16. Bh2 Be4 17. N1d2 Bxd3 18. Qxd3 g5 19. e4 f4 20. e5 Nd7 21. exd6 Bxd6
22. Ne4 Be7 23. Qc4 Qf7 24. dxc5 Nxc5 25. Ne5 Qf5 26. Nxc5 Bxc5 27. Re1 Rac8
28. Qe2 Ng3 29. Qd3 Rcd8 30. Qxf5 Nxf5 31. Rad1 a5 32. Nd7 Kf7 33. Nxf8 Rxf8
34. Rd7+ Kf6 35. Kf1 Nd6 36. Rd1 Ne4 37. f3 Ng3+ 38. Bxg3 fxg3 39. Rd8 h5 40.
Rxf8+ Bxf8 41. Rd8 Bc5 42. Ke2 Kf5 43. Rh8 h4 44. Kd3 Kf4 45. a3 Ke5 46. b4
axb4 47. cxb4 Bf2 48. Rb8 Kd5 49. Rg8 1-0

[Event "WJCC 2001"]
[Site "?"]
[Date "2001.??.??"]
[Round "9"]
[White "Kaps, D."]
[Black "Kasturi, M."]
[Result "1-0"]
[WhiteElo "2221"]
[BlackElo "2115"]
[Annotator "G 9.17"]
[PlyCount "51"]
[EventDate "2001.??.??"]

1. e4 c5 2. Nf3 Nc6 3. d4 cxd4 4. Nxd4 Nf6 5. Nc3 e5 6. Ndb5 d6 7. Bg5 a6 8.
Na3 b5 9. Bxf6 gxf6 10. Nd5 f5 11. Bd3 Be6 12. O-O Bg7 13. c4 bxc4 14. Nxc4 f4
15. Qa4 Bd7 16. Ndb6 Rb8 17. Nxd6+ Kf8 18. Nxd7+ Qxd7 19. Nf5 Rb4 20. Qxa6 f6
21. Rac1 Ne7 22. Qa3 Ra4 23. Rc8+ Kf7 24. Qb3+ Kg6 25. Rxh8 Bxh8 26. Bb5 1-0

[Event "WJCC 2001"]
[Site "?"]
[Date "2001.??.??"]
[Round "9"]
[White "Delai, P."]
[Black "Lip, C."]
[Result "0-1"]
[WhiteElo "2024"]
[BlackElo "2074"]
[Annotator "G 9.27"]
[PlyCount "38"]
[EventDate "2001.??.??"]

1. e4 c5 2. Nf3 Nc6 3. d4 cxd4 4. Nxd4 g6 5. Nc3 Bg7 6. Be3 Nf6 7. Bc4 O-O 8.
Bb3 a5 9. f3 d5 10. exd5 Nb4 11. Ndb5 a4 12. Bc4 Bf5 13. Rc1 Rc8 14. Na3 b5 15.
Ncxb5 Nfxd5 16. Bd2 Bxb2 17. Rb1 Bxa3 18. Nxa3 Rxc4 19. Nxc4 Bxc2 0-1

[Event "WJCC 2001"]
[Site "?"]
[Date "2001.??.??"]
[Round "10"]
[White "Zimina, O."]
[Black "Charkhalashvili, I."]
[Result "1-0"]
[WhiteElo "2312"]
[BlackElo "2278"]
[Annotator "G 10.4"]
[PlyCount "55"]
[EventDate "2001.??.??"]

1. e4 c5 2. Nf3 e6 3. c4 Nc6 4. Nc3 g6 5. d4 cxd4 6. Nxd4 a6 7. Be3 Bg7 8. Be2
Nge7 9. O-O Qc7 10. Rc1 O-O 11. Qd2 Rd8 12. Rfd1 d6 13. a3 Ne5 14. b4 Bd7 15.
f4 N5c6 16. Nb3 Be8 17. Bf3 Nc8 18. Qf2 Qe7 19. g4 b5 20. c5 Rb8 21. cxd6 Rxd6
22. Bc5 Rxd1+ 23. Rxd1 Qc7 24. e5 Bf8 25. Ne4 Bxc5 26. Nf6+ Kf8 27. Qxc5+ Qe7
28. Nxe8 1-0

[Event "WJCC 2001"]
[Site "?"]
[Date "2001.??.??"]
[Round "10"]
[White "Dzagnidze, N."]
[Black "Meenakshi, S."]
[Result "1-0"]
[WhiteElo "2321"]
[BlackElo "2245"]
[Annotator "G 10.6"]
[PlyCount "95"]
[EventDate "2001.??.??"]

1. d4 d5 2. c4 c6 3. Nc3 Nf6 4. cxd5 cxd5 5. Bf4 g6 6. e3 Bg7 7. Nf3 O-O 8. Be2
Nc6 9. O-O Nh5 10. Bg5 h6 11. Bh4 g5 12. Ne1 Nf6 13. Bg3 Ne4 14. Nxe4 dxe4 15.
f3 Bf5 16. fxe4 Bxe4 17. Nd3 Qd5 18. Bf3 Rad8 19. Kh1 g4 20. Nf4 gxf3 21. gxf3
Qf5 22. fxe4 Qxe4+ 23. Qf3 Qxf3+ 24. Rxf3 e5 25. Nh5 exd4 26. Rg1 d3 27. Bc7 d2
28. Bxd8 Rxd8 29. Rff1 d1=Q 30. Rxd1 Rxd1 31. Rxd1 Bxb2 32. Rb1 Be5 33. Rxb7 a5
34. Rb6 Nb4 35. Rb5 Bc7 36. Nf6+ Kf8 37. Nd5 Nxd5 38. Rxd5 Kg7 39. a4 Kg6 40.
e4 f6 41. Kg2 Bb6 42. Kf3 Bc7 43. h3 Bb6 44. Ke2 h5 45. e5 Bc7 46. e6 h4 47.
Kf3 f5 48. Rxf5 1-0

[Event "WJCC 2001"]
[Site "?"]
[Date "2001.??.??"]
[Round "10"]
[White "Sanchez Castillo, S."]
[Black "Jackova, J."]
[Result "0-1"]
[WhiteElo "2125"]
[BlackElo "2350"]
[Annotator "G 10.9"]
[PlyCount "52"]
[EventDate "2001.??.??"]

1. e4 e5 2. Nf3 Nc6 3. Bc4 Bc5 4. c3 Nf6 5. d3 d6 6. h3 a6 7. O-O Na5 8. Nbd2
Ba7 9. d4 Nxc4 10. Nxc4 exd4 11. e5 dxe5 12. Ncxe5 c5 13. cxd4 cxd4 14. Qa4+ b5
15. Qa3 Qd5 16. Re1 Be6 17. Bd2 a5 18. Nxf7 Bc5 19. Qd3 O-O 20. N7g5 Bf5 21.
Qxb5 Rab8 22. Qf1 Bd6 23. Nh4 Bd7 24. b3 Bb5 25. Re2 Bxe2 26. Qxe2 h6 0-1